Evaluation of the HouseMark activity-cost benchmarking pilot (Record no. 112775)

MARC details
000 -LEADER
fixed length control field 01043cad a22002175a 4500
001 - CONTROL NUMBER
control field E153938
008 - FIXED-LENGTH DATA ELEMENTS--GENERAL INFORMATION
fixed length control field 110926s2011 xxk f s000 0 eng d
020 ## - INTERNATIONAL STANDARD BOOK NUMBER
International Standard Book Number 9781780453125
022 1# - INTERNATIONAL STANDARD SERIAL NUMBER
International Standard Serial Number 2045-6964
035 ## - SYSTEM CONTROL NUMBER
System control number (Sirsi) u153938
041 0# - LANGUAGE CODE
Language code of text/sound track or separate title eng
100 1# - MAIN ENTRY--PERSONAL NAME
Personal name Beale, Graeme
245 00 - TITLE STATEMENT
Title Evaluation of the HouseMark activity-cost benchmarking pilot
Medium [electronic resource]
260 ## - PUBLICATION, DISTRIBUTION, ETC.
Place of publication, distribution, etc. Scotland
Name of publisher, distributor, etc. Scottish Government
Date of publication, distribution, etc. 2011
520 ## - SUMMARY, ETC.
Summary, etc. Presents the results of a HouseMark activity-cost benchmarking pilot in Scotland which took place between June 2010 until January 2011. The aim was to assess the potential role of a cost and performance benchmarking exercise in identifying Value for Money (VfM) efficiency savings in the social housing sector in Scotland.
590 ## - LOCAL NOTE (RLIN)
Local note KA
651 #4 - SUBJECT ADDED ENTRY--GEOGRAPHIC NAME
Geographic name Scotland
Chronological subdivision 1999-
690 ## - LOCAL SUBJECT ADDED ENTRY--TOPICAL TERM (OCLC, RLIN)
Topical term or geographic name as entry element PROPERTY-RESIDENTIAL PROPERTY-DOMESTIC RESIDENTIAL PROPERTY-HOUSING
856 40 - ELECTRONIC LOCATION AND ACCESS
Uniform Resource Identifier <a href="https://www.scotland.gov.uk/Publications/2011/09/20091033/0">https://www.scotland.gov.uk/Publications/2011/09/20091033/0</a>
Public note View the report free of charge at www.scotland.gov.uk
942 ## - ADDED ENTRY ELEMENTS (KOHA)
Suppress in OPAC 0
Holdings
Withdrawn status Lost status Source of classification or shelving scheme Damaged status Not for loan Home library Current library Shelving location Date acquired Total Checkouts Full call number Barcode Date last seen Copy number Price effective from Koha item type
    Dewey Decimal Classification     Virtual Virtual Online 26/09/2011   ONLINE PUBLICATION 153938-2001 06/08/2019 1 06/08/2019 Book